[Event "Faxe anniversity"]
[Site "Faxe"]
[Date "2014.05.07"]
[Round "6"]
[White "Larsen, Paul M"]
[Black "Rasmussen, Frede"]
[Result "1-0"]
[WhiteElo "1468"]
[BlackElo "1456"]
[PlyCount "45"]
[EventDate "2014.03.26"]
[EventType "swiss"]
[EventRounds "7"]
[EventCountry "DEN"]
[SourceTitle "EXT 2023"]
[Source "ChessBase"]
[SourceDate "2022.10.05"]
[SourceVersion "1"]
[SourceVersionDate "2022.10.05"]
[SourceQuality "1"]

1. Nf3 d5 2. d4 Bg4 3. e3 e6 4. Bd3 Qf6 5. Nbd2 Bd6 6. 0-0 Ne7 7. Qe1 Nbc6 8. c3 Ng6 9. e4 Bf4 10. exd5 Bxd2 11. Nxd2 Nf4 12. Ne4 Qh4 13. Bxf4 Bh3 14. Bg3 Qh6 15. dxc6 f5 16. cxb7 Rb8 17. gxh3 f4 18. Nc5 Qxh3 19. Qxe6+ Qxe6 20. Nxe6 fxg3 21. Be4 gxh2+ 22. Kxh2 Kd7 23. Nc5+ 1-0

[Event "Faxe anniversity"]
[Site "Faxe"]
[Date "2014.04.30"]
[Round "5"]
[White "Larsen, Paul M"]
[Black "Nielsen, Flemming"]
[Result "1-0"]
[WhiteElo "1468"]
[BlackElo "1420"]
[PlyCount "65"]
[EventDate "2014.03.26"]
[EventType "swiss"]
[EventRounds "7"]
[EventCountry "DEN"]
[SourceTitle "EXT 2023"]
[Source "ChessBase"]
[SourceDate "2022.10.05"]
[SourceVersion "1"]
[SourceVersionDate "2022.10.05"]
[SourceQuality "1"]

1. d4 Nf6 2. Nf3 e6 3. e3 c6 4. Bd3 b5 5. c3 d5 6. 0-0 Qc7 7. Nbd2 Bd6 8. Re1 Ng4 9. Ne5 Nxe5 10. dxe5 Bxe5 11. Nf3 Bf6 12. e4 dxe4 13. Bxe4 0-0 14. Be3 Rd8 15. Qc2 g6 16. Nd4 Be5 17. g3 Bb7 18. Qe2 Nd7 19. Qf3 Bxd4 20. Bxd4 e5 21. Be3 f5 22. Bxf5 gxf5 23. Qxf5 Nf8 24. Rad1 Rd7 25. Bc5 Rad8 26. Rxd7 Qxd7 27. Qg5+ Ng6 28. h4 Kh8 29. h5 Nf8 30. Rxe5 Ne6 31. Rxe6 Rg8 32. Qf6+ Rg7 33. Bd4 1-0

[Event "Faxe EMT"]
[Site "Faxe"]
[Date "2012.04.18"]
[Round "3"]
[White "Larsen, Paul M"]
[Black "Frederiksen, Uffe"]
[Result "1/2-1/2"]
[WhiteElo "1293"]
[BlackElo "1712"]
[PlyCount "47"]
[EventDate "2012.03.28"]
[EventType "swiss"]
[EventRounds "7"]
[EventCountry "DEN"]
[SourceTitle "EXT 2023"]
[Source "ChessBase"]
[SourceDate "2022.10.05"]
[SourceVersion "1"]
[SourceVersionDate "2022.10.05"]
[SourceQuality "1"]

1. d4 Nf6 2. Nf3 d5 3. e3 c5 4. c3 e6 5. Bd3 Nc6 6. 0-0 Bd7 7. Nbd2 Be7 8. e4 cxd4 9. cxd4 dxe4 10. Nxe4 Nxe4 11. Bxe4 Bf6 12. d5 exd5 13. Bxd5 0-0 14. a3 Bf5 15. Ba2 Qb6 16. Qb3 Nd4 17. Nxd4 Bxd4 18. Qxb6 Bxb6 19. Bd5 Bd3 20. Bxb7 Rab8 21. Rd1 Bc2 22. Rd2 Bb3 23. Bf3 Rfe8 24. Re2 1/2-1/2

[Event "Faxe Eftermiddag-B"]
[Site "Faxe"]
[Date "2011.09.21"]
[Round "3"]
[White "Larsen, Paul M"]
[Black "Frederiksen, Uffe"]
[Result "1/2-1/2"]
[WhiteElo "1420"]
[BlackElo "1653"]
[PlyCount "76"]
[EventDate "2011.09.07"]
[EventType "tourn"]
[EventRounds "5"]
[EventCountry "DEN"]
[SourceTitle "EXT 2023"]
[Source "ChessBase"]
[SourceDate "2022.10.05"]
[SourceVersion "1"]
[SourceVersionDate "2022.10.05"]
[SourceQuality "1"]

1. Nf3 d5 2. d4 Nf6 3. c4 Bf5 4. Nc3 e6 5. a3 Be7 6. e3 0-0 7. Bd3 Ne4 8. Bxe4 Bxe4 9. Nxe4 dxe4 10. Nd2 f5 11. 0-0 c6 12. b4 Na6 13. c5 Nc7 14. Bb2 Nd5 15. Qe2 Qc7 16. g3 Bf6 17. f4 Qe7 18. Nb1 Rf7 19. Nc3 g5 20. Nxd5 exd5 21. Kf2 Qe6 22. Ke1 Re8 23. Kd2 g4 24. h3 h5 25. hxg4 hxg4 26. Rh1 Rh7 27. Rxh7 Kxh7 28. Rh1+ Kg6 29. a4 Rh8 30. Rxh8 Bxh8 31. Qh2 Bf6 32. Kc2 Qd7 33. Bc3 b6 34. Kc1 bxc5 35. bxc5 Qb7 36. Qb2 Qa6 37. Qb8 Qxa4 38. Qg8+ Kh6 1/2-1/2

[Event "Koge Bugt Summer"]
[Site "Solrod"]
[Date "2011.09.07"]
[Round "4.6"]
[White "Christensen, Peter"]
[Black "Larsen, Paul M"]
[Result "1/2-1/2"]
[WhiteElo "1229"]
[BlackElo "1420"]
[PlyCount "39"]
[EventDate "2011.08.17"]
[EventType "swiss"]
[EventRounds "7"]
[EventCountry "DEN"]
[SourceTitle "EXT 2023"]
[Source "ChessBase"]
[SourceDate "2022.10.05"]
[SourceVersion "1"]
[SourceVersionDate "2022.10.05"]
[SourceQuality "1"]

1. d4 Nf6 2. c4 e6 3. Nf3 b6 4. g3 Bb7 5. Bg2 Be7 6. 0-0 0-0 7. e3 Ne4 8. Nbd2 f5 9. Qc2 Na6 10. a3 c5 11. dxc5 Naxc5 12. b4 Nxd2 13. Nxd2 Bxg2 14. Kxg2 Nb7 15. Bb2 d5 16. cxd5 Qxd5+ 17. Nf3 Rac8 18. Qe2 Qb3 19. Nd4 Qd5+ 20. Nf3 1/2-1/2

[Event "Koge Bugt Spring"]
[Site "Solrod"]
[Date "2011.05.11"]
[Round "5.4"]
[White "Larsen, Paul M"]
[Black "Nielsen, Steen"]
[Result "0-1"]
[WhiteElo "1629"]
[BlackElo "1443"]
[PlyCount "70"]
[EventDate "2011.03.30"]
[EventType "swiss"]
[EventRounds "7"]
[EventCountry "DEN"]
[SourceTitle "EXT 2023"]
[Source "ChessBase"]
[SourceDate "2022.10.05"]
[SourceVersion "1"]
[SourceVersionDate "2022.10.05"]
[SourceQuality "1"]

1. Nf3 d5 2. d4 e6 3. e3 c5 4. Ne5 Nc6 5. Bb5 Qc7 6. 0-0 a6 7. Bxc6+ bxc6 8. c4 Nf6 9. Qa4 Bd7 10. b4 cxb4 11. c5 Bxc5 12. Nxd7 Nxd7 13. dxc5 a5 14. Qc2 0-0 15. Bb2 Rfb8 16. f4 a4 17. Qf2 Qd8 18. Qg3 Qf8 19. f5 Nxc5 20. fxe6 Nxe6 21. Be5 Rd8 22. Nd2 c5 23. Rf3 Ra7 24. Raf1 c4 25. Rf6 Qe7 26. Nf3 Rad7 27. Nd4 Nxd4 28. exd4 b3 29. Rxf7 Qxf7 30. Rxf7 Rxf7 31. axb3 Rdf8 32. h3 axb3 33. Qc3 Rb7 34. Qb2 c3 35. Qb1 b2 0-1

[Event "Faxe EMT"]
[Site "Faxe"]
[Date "2011.04.27"]
[Round "4"]
[White "Hansen, Arne Mandrup"]
[Black "Larsen, Paul M"]
[Result "0-1"]
[WhiteElo "1366"]
[BlackElo "1507"]
[PlyCount "72"]
[EventDate "2011.04.11"]
[EventType "swiss"]
[EventRounds "7"]
[EventCountry "DEN"]
[SourceTitle "EXT 2023"]
[Source "ChessBase"]
[SourceDate "2022.10.05"]
[SourceVersion "1"]
[SourceVersionDate "2022.10.05"]
[SourceQuality "1"]

1. d4 Nf6 2. Bf4 d5 3. e3 Bf5 4. c4 dxc4 5. Bxc4 e6 6. Qb3 b6 7. Nf3 Bd6 8. Bg3 0-0 9. Bd3 Ne4 10. Bxe4 Bxe4 11. Nbd2 Bd5 12. Qc2 a5 13. Bxd6 Qxd6 14. 0-0 Na6 15. a3 Rfc8 16. Ne4 Qc6 17. Qxc6 Bxc6 18. Ned2 Bb5 19. Rfc1 c5 20. dxc5 Nxc5 21. h3 Nd3 22. Rxc8+ Rxc8 23. Nd4 Ba6 24. b3 e5 25. N4f3 f5 26. g3 Rc2 27. Rd1 Bb7 28. Ne1 Nxe1 29. Nc4 Nf3+ 30. Kf1 Ba6 31. Kg2 Bxc4 32. Rd8+ Kf7 33. bxc4 e4 34. Rd7+ Ke6 35. Rb7 Rc1 36. h4 Rg1+ 0-1

[Event "Koge Bugt Winter"]
[Site "Solrod"]
[Date "2011.02.09"]
[Round "3"]
[White "Larsen, Paul M"]
[Black "Forsmann, Henning"]
[Result "1/2-1/2"]
[WhiteElo "1502"]
[BlackElo "1758"]
[PlyCount "98"]
[EventDate "2011.01.12"]
[EventType "swiss"]
[EventRounds "7"]
[EventCountry "DEN"]
[SourceTitle "EXT 2023"]
[Source "ChessBase"]
[SourceDate "2022.10.05"]
[SourceVersion "1"]
[SourceVersionDate "2022.10.05"]
[SourceQuality "1"]

1. Nf3 Nf6 2. c4 e6 3. Nc3 d5 4. cxd5 exd5 5. d4 c6 6. e3 Nbd7 7. Be2 Bd6 8. 0-0 0-0 9. Qc2 Re8 10. a3 Ne4 11. Bd3 Ndf6 12. h3 Qc7 13. Ne1 a5 14. f4 h5 15. Nf3 Ng3 16. Re1 Nfe4 17. Ne5 Bf5 18. Nxe4 Nxe4 19. Qe2 Ng3 20. Qf2 h4 21. Bd2 Re6 22. Red1 Rh6 23. Bxf5 Nxf5 24. Qf3 Qe7 25. Rac1 f6 26. Ng4 Rg6 27. Be1 a4 28. Bf2 Kf7 29. Rd3 Rh8 30. Qd1 Qe4 31. Be1 Ra8 32. Rdc3 Qe6 33. Qf3 Bc7 34. R3c2 Ba5 35. Bf2 Nh6 36. Nxh6+ Rxh6 37. f5 Qd6 38. Re2 Bc7 39. Kf1 Rg8 40. e4 dxe4 41. Rxe4 Qd5 42. Rce1 Bd8 43. Rf4 Qb5+ 44. Qe2 Qxe2+ 45. Rxe2 Rgh8 46. Ree4 Bc7 47. Rxh4 Rh5 48. Rxh5 Rxh5 49. Ke2 Rxf5 1/2-1/2

[Event "Koge Bugt Winter"]
[Site "Solrod"]
[Date "2011.01.26"]
[Round "2"]
[White "Refsgaard, Kaj"]
[Black "Larsen, Paul M"]
[Result "1-0"]
[WhiteElo "1749"]
[BlackElo "1502"]
[PlyCount "93"]
[EventDate "2011.01.12"]
[EventType "swiss"]
[EventRounds "7"]
[EventCountry "DEN"]
[SourceTitle "EXT 2023"]
[Source "ChessBase"]
[SourceDate "2022.10.05"]
[SourceVersion "1"]
[SourceVersionDate "2022.10.05"]
[SourceQuality "1"]

1. d4 f5 2. Nf3 Nf6 3. e3 g6 4. Bd3 Bg7 5. 0-0 0-0 6. c4 d6 7. Nc3 c6 8. Re1 Nbd7 9. Ng5 Nb6 10. b4 e5 11. Bb2 h6 12. Nh3 Be6 13. c5 Nbd5 14. Bc4 Qe7 15. Qb3 Rad8 16. f3 Nh5 17. Nf2 Bf7 18. Rad1 Nhf6 19. e4 fxe4 20. Nfxe4 dxc5 21. dxc5 Nxc3 22. Rxd8 Rxd8 23. Bxc3 Nxe4 24. Rxe4 Bxc4 25. Qxc4+ Kh7 26. Qe2 Qd7 27. Kf2 Kg8 28. Bxe5 Bxe5 29. Rxe5 Qd4+ 30. Kg3 Rf8 31. Re4 Qd5 32. Qc4 Qxc4 33. Rxc4 Rd8 34. Re4 Kf7 35. Re2 Rd4 36. Rb2 b6 37. cxb6 axb6 38. a4 Rd6 39. Kf4 Kf6 40. g4 g5+ 41. Ke3 Ke5 42. Rd2 Rxd2 43. Kxd2 Kd4 44. f4 gxf4 45. h4 Ke4 46. g5 hxg5 47. hxg5 1-0